| 000 | 01488nam a2200217 a 4500 | ||
|---|---|---|---|
| 008 | 120416s1997 ||||||||||||||||| || u | ||
| 020 | _a0750632429 | ||
| 050 | _aQA 76.73.P2 Mac | ||
| 100 | _aMcBride, P. K | ||
| 245 | 1 | 0 | _aPascal made simple |
| 260 |
_aOxford _bB-H _c1997 |
||
| 350 | _a0.00 | ||
| 995 |
_D0.00 _FCBU-MAIN LIBRARY (Kitwe) _H6 _I9.95 _M6 _UAVAILABLE _ZShort Loan Collection |
||
| 995 |
_D0.00 _FCBU-MAIN LIBRARY (Kitwe) _H4 _I9.95 _M4 _UAVAILABLE _ZShort Loan Collection |
||
| 995 |
_D0.00 _FCBU-MAIN LIBRARY (Kitwe) _H3 _I9.95 _M3 _UAVAILABLE _ZShort Loan Collection |
||
| 995 |
_D0.00 _FCBU-MAIN LIBRARY (Kitwe) _H8 _I0.00 _M8 _ULOST _ZMain Library Open Access Collection |
||
| 995 |
_D0.00 _FCBU-MAIN LIBRARY (Kitwe) _H2 _I9.95 _M2 _UAVAILABLE _ZMain Library Open Access Collection |
||
| 995 |
_D0.00 _FCBU-MAIN LIBRARY (Kitwe) _H5 _I9.95 _M5 _UAVAILABLE _ZShort Loan Collection |
||
| 995 |
_D0.00 _FCBU-MAIN LIBRARY (Kitwe) _H7 _I9.95 _M7 _UAVAILABLE _ZShort Loan Collection |
||
| 995 |
_D0.00 _FCBU-MAIN LIBRARY (Kitwe) _H1 _I9.95 _M1 _UAVAILABLE _WJun 27, 2006 _ZShort Loan Collection |
||
| 999 |
_c81755 _d81755 |
||